| 000 | 00604nam a22001817a 4500 | ||
|---|---|---|---|
| 005 | 20251108165514.0 | ||
| 008 | 250721s1986 xx 000 0 ara d | ||
| 082 | 1 | 4 | _aم/218.8/محم |
| 100 | 1 | _aالسلامي، محمد المختار | |
| 245 | 1 | 0 | _aمنهاج الهداية الإسلامية من خلال الخطب الجمعية / |
| 264 | 1 |
_aبيروت : _bدار الغرب الإسلامي، _c1986. |
|
| 300 | _a4ج في 2مج | ||
| 650 | 1 | 7 | _aالإسلام |
| 650 | 1 | 7 | _aالشعائر الدينية |
| 650 | 1 | 7 | _aالوعظ و الإرشاد |
| 942 |
_2ddc _cREF |
||
| 999 |
_c29505 _d29505 |
||